[Event "DEM U12w 2023"]
[Site "Willingen GER"]
[Date "2023.06.01"]
[Round "7"]
[White "Wagner, Cosima Thien-An"]
[Black "Ramakrishnan, Veda"]
[Result "1-0"]
[Termination "normal"]
[Board "1"]
[WhiteElo "1565"]
[BlackElo "1231"]
[WhiteClock "00:17:18"]
[BlackClock "00:53:38"]
[PlyCount "121"]
[WhiteFideId "34603484"]
[BlackFideId "16269519"]
[EventCountry "GER"]
[EventRounds "9"]
[EventType "swiss"]
[EventDate "2023.05.27"]

1. e4 {[%clk 01:30:59]} c6 {[%clk 01:30:55]} {[%emt 00:00:05]} 2. c4 {[%clk
01:31:25]} {[%emt 00:00:04]} d5 {[%clk 01:31:18]} {[%emt 00:00:07]} 3. exd5
{[%clk 01:31:50]} {[%emt 00:00:05]} cxd5 {[%clk 01:31:41]} {[%emt 00:00:07]} 4.
cxd5 {[%clk 01:32:15]} {[%emt 00:00:05]} Nf6 {[%clk 01:31:52]} {[%emt
00:00:19]} 5. Qa4+ {[%clk 01:32:36]} {[%emt 00:00:09]} Nbd7 {[%clk 01:31:05]}
{[%emt 00:01:17]} 6. Nc3 {[%clk 01:32:49]} {[%emt 00:00:17]} g6 {[%clk
01:30:25]} {[%emt 00:01:10]} 7. g3 {[%clk 01:33:08]} {[%emt 00:00:11]} Bg7
{[%clk 01:29:33]} {[%emt 00:01:22]} 8. Bg2 {[%clk 01:33:22]} {[%emt 00:00:16]}
O-O {[%clk 01:29:14]} {[%emt 00:00:49]} 9. Nge2 {[%clk 01:33:20]} {[%emt
00:00:33]} Nb6 {[%clk 01:27:39]} {[%emt 00:02:05]} 10. Qb3 {[%clk 01:33:26]}
{[%emt 00:00:24]} Rb8 {[%clk 01:23:00]} {[%emt 00:05:10]} 11. d4 {[%clk
01:30:20]} {[%emt 00:03:35]} Bf5 {[%clk 01:21:08]} {[%emt 00:02:21]} 12. O-O
{[%clk 01:29:49]} {[%emt 00:01:01]} Bd3 {[%clk 01:19:31]} {[%emt 00:02:06]} 13.
Bf4 {[%clk 01:27:10]} {[%emt 00:03:09]} Rc8 {[%clk 01:09:50]} {[%emt 00:10:12]}
14. d6 {[%clk 01:14:55]} {[%emt 00:12:45]} exd6 {[%clk 01:03:50]} {[%emt
00:06:30]} 15. Qa3 {[%clk 00:57:58]} {[%emt 00:17:27]} Ba6 {[%clk 00:54:30]}
{[%emt 00:09:50]} 16. Qxd6 {[%clk 00:49:58]} {[%emt 00:08:30]} Bxe2 {[%clk
00:51:28]} {[%emt 00:03:32]} 17. Nxe2 {[%clk 00:35:42]} {[%emt 00:14:47]} Rc2
{[%clk 00:51:12]} {[%emt 00:00:44]} 18. Qxd8 {[%clk 00:30:53]} {[%emt
00:05:20]} Rxd8 {[%clk 00:50:48]} {[%emt 00:00:54]} 19. Rfe1 {[%clk 00:28:32]}
{[%emt 00:02:51]} Rxb2 {[%clk 00:49:06]} {[%emt 00:02:12]} 20. Bxb7 {[%clk
00:26:08]} {[%emt 00:02:55]} Nbd5 {[%clk 00:48:01]} {[%emt 00:01:34]} 21. Bxd5
{[%clk 00:25:33]} {[%emt 00:01:05]} Nxd5 {[%clk 00:47:57]} {[%emt 00:00:35]}
22. Bg5 {[%clk 00:19:48]} {[%emt 00:06:14]} Re8 {[%clk 00:45:21]} {[%emt
00:03:05]} 23. Kf1 {[%clk 00:19:19]} {[%emt 00:01:00]} h6 {[%clk 00:45:00]}
{[%emt 00:00:52]} 24. Bc1 {[%clk 00:19:05]} {[%emt 00:00:43]} Rb4 {[%clk
00:44:35]} {[%emt 00:00:56]} 25. Ba3 {[%clk 00:18:13]} {[%emt 00:01:22]} Ra4
{[%clk 00:44:02]} {[%emt 00:01:01]} 26. Bc5 {[%clk 00:18:21]} {[%emt 00:00:23]}
Rb8 {[%clk 00:43:59]} {[%emt 00:00:32]} 27. Red1 {[%clk 00:14:34]} {[%emt
00:04:19]} Rb2 {[%clk 00:43:33]} {[%emt 00:00:56]} 28. a3 {[%clk 00:11:52]}
{[%emt 00:03:12]} a6 {[%clk 00:43:22]} {[%emt 00:00:41]} 29. Ke1 {[%clk
00:11:28]} {[%emt 00:00:53]} Rc4 {[%clk 00:43:22]} {[%emt 00:00:29]} 30. Rdc1
{[%clk 00:11:14]} {[%emt 00:00:46]} Rbc2 {[%clk 00:42:26]} {[%emt 00:01:26]}
31. Rxc2 {[%clk 00:11:28]} {[%emt 00:00:16]} Rxc2 {[%clk 00:42:51]} {[%emt
00:00:04]} 32. Kd1 {[%clk 00:11:12]} {[%emt 00:00:46]} Rxc5 {[%clk 00:43:00]}
{[%emt 00:00:21]} 33. dxc5 {[%clk 00:10:07]} {[%emt 00:01:35]} Bxa1 {[%clk
00:43:25]} {[%emt 00:00:06]} 34. Kc2 {[%clk 00:09:53]} {[%emt 00:00:44]} Bf6
{[%clk 00:43:00]} {[%emt 00:00:53]} 35. Kb3 {[%clk 00:09:33]} {[%emt 00:00:51]}
Kf8 {[%clk 00:42:50]} {[%emt 00:00:38]} 36. Kc4 {[%clk 00:09:15]} {[%emt
00:00:51]} Nc7 {[%clk 00:42:46]} {[%emt 00:00:32]} 37. c6 {[%clk 00:08:40]}
{[%emt 00:01:05]} Be7 {[%clk 00:42:36]} {[%emt 00:00:41]} 38. a4 {[%clk
00:08:54]} {[%emt 00:00:16]} Ke8 {[%clk 00:41:36]} {[%emt 00:01:30]} 39. Nc1
{[%clk 00:07:49]} {[%emt 00:01:35]} a5 {[%clk 00:40:34]} {[%emt 00:01:31]} 40.
Nd3 {[%clk 00:06:29]} {[%emt 00:01:52]} f6 {[%clk 00:37:31]} {[%emt 00:03:32]}
41. Nf4 {[%clk 00:03:34]} {[%emt 00:03:25]} g5 {[%clk 00:36:59]} {[%emt
00:01:00]} 42. Ng2 {[%clk 00:02:03]} {[%emt 00:02:03]} Kf7 {[%clk 00:36:17]}
{[%emt 00:01:11]} 43. h4 {[%clk 00:26:44]} {[%emt 00:05:50]} Ke6 {[%clk
01:05:59]} {[%emt 00:00:45]} 44. Ne3 {[%clk 00:26:03]} {[%emt 00:01:14]} Ke5
{[%clk 01:01:34]} {[%emt 00:04:53]} 45. Ng4+ {[%clk 00:23:40]} {[%emt
00:02:54]} Kf5 {[%clk 00:53:26]} {[%emt 00:08:39]} 46. Nxh6+ {[%clk 00:21:46]}
{[%emt 00:02:25]} Kg6 {[%clk 00:53:28]} {[%emt 00:00:25]} 47. Ng4 {[%clk
00:16:13]} {[%emt 00:06:05]} gxh4 {[%clk 00:51:40]} {[%emt 00:02:18]} 48. gxh4
{[%clk 00:16:00]} {[%emt 00:00:43]} Kh5 {[%clk 00:51:58]} {[%emt 00:00:12]} 49.
Ne3 {[%clk 00:16:06]} {[%emt 00:00:24]} Kxh4 {[%clk 00:50:17]} {[%emt
00:02:12]} 50. Nf5 {[%clk 00:16:22]} {[%emt 00:00:14]} Kg4 {[%clk 00:50:05]}
{[%emt 00:00:40]} 51. Nxe7 {[%clk 00:16:45]} {[%emt 00:00:08]} Kf3 {[%clk
00:50:13]} {[%emt 00:00:21]} 52. Nd5 {[%clk 00:15:38]} {[%emt 00:01:38]} Nxd5
{[%clk 00:50:14]} {[%emt 00:00:28]} 53. Kxd5 {[%clk 00:15:58]} {[%emt
00:00:11]} f5 {[%clk 00:50:41]} {[%emt 00:00:03]} 54. c7 {[%clk 00:16:17]}
{[%emt 00:00:11]} Kxf2 {[%clk 00:51:08]} {[%emt 00:00:04]} 55. c8=Q {[%clk
00:16:38]} {[%emt 00:00:08]} f4 {[%clk 00:51:35]} {[%emt 00:00:04]} 56. Ke4
{[%clk 00:16:12]} {[%emt 00:00:55]} f3 {[%clk 00:52:00]} {[%emt 00:00:05]} 57.
Qf8 {[%clk 00:16:24]} {[%emt 00:00:17]} Kg1 {[%clk 00:52:26]} {[%emt 00:00:06]}
58. Qxf3 {[%clk 00:16:44]} {[%emt 00:00:09]} Kh2 {[%clk 00:52:51]} {[%emt
00:00:04]} 59. Qg4 {[%clk 00:16:58]} {[%emt 00:00:17]} Kh1 {[%clk 00:53:13]}
{[%emt 00:00:08]} 60. Kf3 {[%clk 00:17:18]} {[%emt 00:00:09]} Kh2 {[%clk
00:53:38]} {[%emt 00:00:05]} 61. Qg2+ {[%emt 00:00:05]} 1-0

[Event "DEM U12w 2023"]
[Site "Willingen GER"]
[Date "2023.06.01"]
[Round "7"]
[White "Czäczine, Paula"]
[Black "Stiehler, Mara"]
[Result "1-0"]
[Termination "normal"]
[Board "2"]
[WhiteElo "1549"]
[BlackElo "1227"]
[WhiteClock "00:25:12"]
[BlackClock "00:38:39"]
[PlyCount "95"]
[WhiteFideId "16249305"]
[BlackFideId "34621199"]
[EventCountry "GER"]
[EventRounds "9"]
[EventType "swiss"]
[EventDate "2023.05.27"]

1. e4 {[%clk 01:30:58]} e6 {[%clk 01:30:56]} {[%emt 00:00:05]} 2. d4 {[%clk
01:31:23]} {[%emt 00:00:04]} d5 {[%clk 01:31:21]} {[%emt 00:00:05]} 3. Nd2
{[%clk 01:31:49]} {[%emt 00:00:04]} c5 {[%clk 01:31:46]} {[%emt 00:00:06]} 4.
exd5 {[%clk 01:31:59]} {[%emt 00:00:20]} exd5 {[%clk 01:32:07]} {[%emt
00:00:08]} 5. Ngf3 {[%clk 01:31:51]} {[%emt 00:00:39]} Bd6 {[%clk 01:31:19]}
{[%emt 00:01:17]} 6. dxc5 {[%clk 01:31:43]} {[%emt 00:00:38]} Bxc5 {[%clk
01:31:41]} {[%emt 00:00:09]} 7. Bb5+ {[%clk 01:31:30]} {[%emt 00:00:43]} Nc6
{[%clk 01:31:48]} {[%emt 00:00:22]} 8. O-O {[%clk 01:31:01]} {[%emt 00:00:59]}
Nge7 {[%clk 01:31:50]} {[%emt 00:00:28]} 9. Nb3 {[%clk 01:30:01]} {[%emt
00:01:30]} Bd6 {[%clk 01:30:51]} {[%emt 00:01:29]} 10. Nbd4 {[%clk 01:22:00]}
{[%emt 00:08:31]} O-O {[%clk 01:27:07]} {[%emt 00:04:14]} 11. c3 {[%clk
01:14:30]} {[%emt 00:08:00]} Bg4 {[%clk 01:24:33]} {[%emt 00:03:04]} 12. Qd3
{[%clk 01:07:42]} {[%emt 00:07:18]} Qc7 {[%clk 01:19:37]} {[%emt 00:05:26]} 13.
h3 {[%clk 01:06:45]} {[%emt 00:01:27]} Nxd4 {[%clk 01:15:59]} {[%emt 00:04:08]}
14. Nxd4 {[%clk 01:05:49]} {[%emt 00:01:26]} Be6 {[%clk 01:14:41]} {[%emt
00:01:47]} 15. Be3 {[%clk 01:02:27]} {[%emt 00:03:52]} Be5 {[%clk 01:05:40]}
{[%emt 00:09:31]} 16. Ba4 {[%clk 00:55:25]} {[%emt 00:07:34]} Qc4 {[%clk
00:56:06]} {[%emt 00:10:03]} 17. Bc2 {[%clk 00:52:23]} {[%emt 00:03:32]} Ng6
{[%clk 00:54:00]} {[%emt 00:02:35]} 18. Qxc4 {[%clk 00:51:12]} {[%emt
00:01:42]} dxc4 {[%clk 00:53:50]} {[%emt 00:00:40]} 19. Nxe6 {[%clk 00:50:47]}
{[%emt 00:00:55]} fxe6 {[%clk 00:53:16]} {[%emt 00:01:03]} 20. Bxg6 {[%clk
00:50:44]} {[%emt 00:00:33]} hxg6 {[%clk 00:53:21]} {[%emt 00:00:26]} 21. Rad1
{[%clk 00:49:40]} {[%emt 00:01:35]} a6 {[%clk 00:53:02]} {[%emt 00:00:48]} 22.
Rd7 {[%clk 00:48:45]} {[%emt 00:01:25]} b5 {[%clk 00:52:43]} {[%emt 00:00:49]}
23. Re7 {[%clk 00:47:35]} {[%emt 00:01:41]} Rfe8 {[%clk 00:52:24]} {[%emt
00:00:48]} 24. Rxe8+ {[%clk 00:46:25]} {[%emt 00:01:40]} Rxe8 {[%clk 00:52:43]}
{[%emt 00:00:11]} 25. Rd1 {[%clk 00:46:32]} {[%emt 00:00:23]} Kf7 {[%clk
00:52:09]} {[%emt 00:01:04]} 26. Rd7+ {[%clk 00:45:51]} {[%emt 00:01:11]} Kf6
{[%clk 00:52:25]} {[%emt 00:00:13]} 27. Ra7 {[%clk 00:46:09]} {[%emt 00:00:13]}
Rd8 {[%clk 00:51:22]} {[%emt 00:01:33]} 28. f4 {[%clk 00:37:25]} {[%emt
00:09:15]} Bb8 {[%clk 00:48:44]} {[%emt 00:03:07]} 29. Rxa6 {[%clk 00:32:20]}
{[%emt 00:05:35]} Rd1+ {[%clk 00:48:12]} {[%emt 00:01:02]} 30. Kf2 {[%clk
00:28:14]} {[%emt 00:04:36]} Rb1 {[%clk 00:47:38]} {[%emt 00:01:04]} 31. Kf3
{[%clk 00:25:06]} {[%emt 00:03:38]} Rxb2 {[%clk 00:46:38]} {[%emt 00:01:30]}
32. Bd4+ {[%clk 00:25:12]} {[%emt 00:00:24]} Kf7 {[%clk 00:45:41]} {[%emt
00:01:26]} 33. Rb6 {[%clk 00:24:46]} {[%emt 00:00:57]} Bxf4 {[%clk 00:40:32]}
{[%emt 00:05:38]} 34. Kxf4 {[%clk 00:24:09]} {[%emt 00:01:07]} Rxa2 {[%clk
00:39:39]} {[%emt 00:01:24]} 35. Rxb5 {[%clk 00:23:46]} {[%emt 00:00:53]} Rxg2
{[%clk 00:39:28]} {[%emt 00:00:41]} 36. Rb7+ {[%clk 00:23:57]} {[%emt
00:00:19]} Ke8 {[%clk 00:38:57]} {[%emt 00:01:00]} 37. Rxg7 {[%clk 00:23:45]}
{[%emt 00:00:42]} Kd8 {[%clk 00:38:12]} {[%emt 00:01:15]} 38. Ke5 {[%clk
00:23:12]} {[%emt 00:01:04]} Rg3 {[%clk 00:37:32]} {[%emt 00:01:10]} 39. h4
{[%clk 00:22:26]} {[%emt 00:01:17]} Rh3 {[%clk 00:36:52]} {[%emt 00:01:08]} 40.
Kxe6 {[%clk 00:22:45]} {[%emt 00:00:12]} Rxh4 {[%clk 00:37:04]} {[%emt
00:00:18]} 41. Bf6+ {[%clk 00:23:10]} {[%emt 00:00:04]} Kc8 {[%clk 00:37:12]}
{[%emt 00:00:23]} 42. Bxh4 {[%clk 00:23:33]} {[%emt 00:00:07]} g5 {[%clk
00:36:57]} {[%emt 00:00:44]} 43. Bxg5 {[%clk 00:23:54]} {[%emt 00:00:09]} Kb8
{[%clk 00:37:21]} {[%emt 00:00:07]} 44. Kd6 {[%clk 00:24:16]} {[%emt 00:00:09]}
Kc8 {[%clk 00:37:37]} {[%emt 00:00:13]} 45. Kc6 {[%clk 00:24:30]} {[%emt
00:00:16]} Kb8 {[%clk 00:37:58]} {[%emt 00:00:08]} 46. Rh7 {[%clk 00:24:47]}
{[%emt 00:00:13]} Ka8 {[%clk 00:38:18]} {[%emt 00:00:10]} 47. Kb6 {[%clk
00:25:12]} {[%emt 00:00:06]} Kb8 {[%clk 00:38:39]} {[%emt 00:00:09]} 48. Rh8#
{[%emt 00:00:04]} 1-0

[Event "DEM U12w 2023"]
[Site "Willingen GER"]
[Date "2023.06.01"]
[Round "7"]
[White "Bakó, Isabella"]
[Black "Leicher, Anna"]
[Result "1-0"]
[Termination "normal"]
[Board "3"]
[WhiteElo "1214"]
[BlackElo "1306"]
[WhiteClock "00:12:14"]
[BlackClock "00:18:22"]
[PlyCount "87"]
[WhiteFideId "16287266"]
[BlackFideId "34614966"]
[EventCountry "GER"]
[EventRounds "9"]
[EventType "swiss"]
[EventDate "2023.05.27"]

1. e4 {[%clk 01:30:56]} {[%emt 00:00:03]} e5 {[%clk 01:30:55]} {[%emt
00:00:06]} 2. Nf3 {[%clk 01:31:16]} {[%emt 00:00:10]} d5 {[%clk 01:27:04]}
{[%emt 00:04:21]} 3. exd5 {[%clk 01:25:39]} {[%emt 00:06:07]} Qxd5 {[%clk
01:25:38]} {[%emt 00:01:56]} 4. Nc3 {[%clk 01:23:49]} {[%emt 00:02:19]} Qe6
{[%clk 01:20:26]} {[%emt 00:05:42]} 5. d3 {[%clk 01:16:10]} {[%emt 00:08:09]}
Bc5 {[%clk 01:18:26]} {[%emt 00:02:29]} 6. Be3 {[%clk 01:07:07]} {[%emt
00:09:35]} Bb4 {[%clk 01:11:05]} {[%emt 00:07:50]} 7. Qd2 {[%clk 00:59:13]}
{[%emt 00:08:24]} Nc6 {[%clk 01:07:53]} {[%emt 00:03:40]} 8. a3 {[%clk
00:53:54]} {[%emt 00:05:52]} Ba5 {[%clk 01:06:39]} {[%emt 00:01:41]} 9. b4
{[%clk 00:52:14]} {[%emt 00:02:13]} Bb6 {[%clk 01:06:46]} {[%emt 00:00:23]} 10.
Be2 {[%clk 00:47:18]} {[%emt 00:05:25]} Nge7 {[%clk 00:56:36]} {[%emt
00:10:26]} 11. Nb5 {[%clk 00:42:35]} {[%emt 00:05:26]} Bxe3 {[%clk 00:50:40]}
{[%emt 00:06:27]} 12. Qxe3 {[%clk 00:38:41]} {[%emt 00:04:24]} Nd5 {[%clk
00:50:04]} {[%emt 00:01:04]} 13. Qc5 {[%clk 00:34:41]} {[%emt 00:04:28]} b6
{[%clk 00:42:27]} {[%emt 00:08:12]} 14. Qxd5 {[%clk 00:33:02]} {[%emt
00:02:08]} O-O {[%clk 00:33:04]} {[%emt 00:09:53]} 15. Qxe6 {[%clk 00:32:39]}
{[%emt 00:00:53]} Bxe6 {[%clk 00:30:33]} {[%emt 00:03:01]} 16. Nxc7 {[%clk
00:31:57]} {[%emt 00:01:12]} Rac8 {[%clk 00:30:41]} {[%emt 00:00:22]} 17. Nxe6
{[%clk 00:31:36]} {[%emt 00:00:51]} fxe6 {[%clk 00:30:53]} {[%emt 00:00:19]}
18. O-O {[%clk 00:30:18]} {[%emt 00:01:48]} Ne7 {[%clk 00:30:04]} {[%emt
00:01:18]} 19. c4 {[%clk 00:28:45]} {[%emt 00:02:03]} Ng6 {[%clk 00:30:12]}
{[%emt 00:00:23]} 20. Rfe1 {[%clk 00:28:04]} {[%emt 00:01:11]} Rcd8 {[%clk
00:25:41]} {[%emt 00:05:00]} 21. Rad1 {[%clk 00:23:36]} {[%emt 00:04:58]} Rf5
{[%clk 00:24:24]} {[%emt 00:01:46]} 22. c5 {[%clk 00:22:06]} {[%emt 00:02:02]}
bxc5 {[%clk 00:24:15]} {[%emt 00:00:39]} 23. bxc5 {[%clk 00:22:21]} {[%emt
00:00:15]} Rc8 {[%clk 00:24:00]} {[%emt 00:00:45]} 24. Rc1 {[%clk 00:21:42]}
{[%emt 00:01:08]} Nf4 {[%clk 00:23:49]} {[%emt 00:00:41]} 25. c6 {[%clk
00:21:07]} {[%emt 00:01:06]} Nd5 {[%clk 00:23:20]} {[%emt 00:00:59]} 26. Bf1
{[%clk 00:20:31]} {[%emt 00:01:06]} Rf6 {[%clk 00:23:06]} {[%emt 00:00:44]} 27.
Nxe5 {[%clk 00:20:21]} {[%emt 00:00:39]} Rf5 {[%clk 00:22:42]} {[%emt
00:00:54]} 28. d4 {[%clk 00:18:55]} {[%emt 00:01:56]} Rg5 {[%clk 00:22:06]}
{[%emt 00:01:07]} 29. Nf3 {[%clk 00:18:00]} {[%emt 00:01:25]} Rg4 {[%clk
00:21:52]} {[%emt 00:00:44]} 30. Rxe6 {[%clk 00:17:17]} {[%emt 00:01:13]} Nf4
{[%clk 00:21:52]} {[%emt 00:00:30]} 31. h3 {[%clk 00:12:28]} {[%emt 00:05:18]}
Nxh3+ {[%clk 00:20:38]} {[%emt 00:03:27]} 32. Kh2 {[%clk 00:12:48]} {[%emt
00:00:09]} Nxf2 {[%clk 00:19:42]} {[%emt 00:01:26]} 33. c7 {[%clk 00:11:19]}
{[%emt 00:01:59]} Kf7 {[%clk 00:14:28]} {[%emt 00:05:45]} 34. d5 {[%clk
00:10:10]} {[%emt 00:01:40]} Ne4 {[%clk 00:13:37]} {[%emt 00:01:21]} 35. Ne5+
{[%clk 00:10:11]} {[%emt 00:00:27]} Kf8 {[%clk 00:13:46]} {[%emt 00:00:17]} 36.
Nxg4 {[%clk 00:10:22]} {[%emt 00:00:23]} Ng5 {[%clk 00:14:06]} {[%emt
00:00:11]} 37. Rec6 {[%clk 00:09:57]} {[%emt 00:00:54]} Ne4 {[%clk 00:14:03]}
{[%emt 00:00:33]} 38. Ba6 {[%clk 00:09:59]} {[%emt 00:00:28]} Nd6 {[%clk
00:14:22]} {[%emt 00:00:12]} 39. Bxc8 {[%clk 00:10:22]} {[%emt 00:00:07]} Nxc8
{[%clk 00:14:47]} {[%emt 00:00:05]} 40. d6 {[%clk 00:10:46]} {[%emt 00:00:05]}
h5 {[%clk 00:15:12]} {[%emt 00:00:05]} 41. d7 {[%clk 00:11:09]} {[%emt
00:00:08]} hxg4 {[%emt 00:00:55]} 42. dxc8=Q+ {[%emt 00:00:15]} Kf7 {[%clk
00:17:57]} {[%emt 00:00:24]} 43. Rf1+ {[%clk 00:11:52]} {[%emt 00:00:04]} Ke7
{[%clk 00:18:22]} {[%emt 00:00:06]} 44. Qd8# {[%clk 00:12:14]} {[%emt
00:00:09]} 1-0

[Event "DEM U12w 2023"]
[Site "Willingen GER"]
[Date "2023.06.01"]
[Round "7"]
[White "Mehner, Clara"]
[Black "Glotz, Katharina"]
[Result "1-0"]
[Termination "normal"]
[Board "4"]
[WhiteElo "1250"]
[BlackElo "1411"]
[WhiteClock "00:19:09"]
[BlackClock "00:16:05"]
[PlyCount "55"]
[WhiteFideId "34612165"]
[BlackFideId "34631011"]
[EventCountry "GER"]
[EventRounds "9"]
[EventType "swiss"]
[EventDate "2023.05.27"]

1. e4 {[%clk 01:30:57]} {[%emt 00:00:03]} c5 {[%clk 01:30:44]} {[%emt
00:00:16]} 2. d4 {[%clk 01:31:06]} {[%emt 00:00:22]} cxd4 {[%clk 01:30:46]}
{[%emt 00:00:28]} 3. c3 {[%clk 01:31:13]} {[%emt 00:00:23]} g6 {[%clk
01:30:44]} {[%emt 00:00:31]} 4. cxd4 {[%clk 01:30:36]} {[%emt 00:01:08]} d5
{[%clk 01:30:31]} {[%emt 00:00:43]} 5. e5 {[%clk 01:26:21]} {[%emt 00:04:45]}
Nc6 {[%clk 01:26:22]} {[%emt 00:04:38]} 6. Nf3 {[%clk 01:19:49]} {[%emt
00:07:03]} Nh6 {[%clk 01:23:09]} {[%emt 00:03:41]} 7. Nc3 {[%clk 01:15:31]}
{[%emt 00:04:49]} Bg4 {[%clk 01:18:28]} {[%emt 00:05:10]} 8. Be3 {[%clk
01:06:13]} {[%emt 00:09:49]} Nf5 {[%clk 01:03:08]} {[%emt 00:15:50]} 9. Bb5
{[%clk 00:55:53]} {[%emt 00:10:50]} Bg7 {[%clk 00:55:11]} {[%emt 00:08:26]} 10.
h3 {[%clk 00:53:41]} {[%emt 00:02:43]} Nxe3 {[%clk 00:52:59]} {[%emt 00:02:43]}
11. fxe3 {[%clk 00:53:45]} {[%emt 00:00:25]} Bf5 {[%clk 00:46:33]} {[%emt
00:06:56]} 12. O-O {[%clk 00:51:11]} {[%emt 00:03:05]} O-O {[%clk 00:43:39]}
{[%emt 00:03:23]} 13. Qe2 {[%clk 00:47:47]} {[%emt 00:03:55]} f6 {[%clk
00:38:10]} {[%emt 00:05:59]} 14. exf6 {[%clk 00:44:43]} {[%emt 00:03:34]} exf6
{[%clk 00:35:02]} {[%emt 00:03:37]} 15. Nxd5 {[%clk 00:41:15]} {[%emt
00:03:59]} Be4 {[%clk 00:30:35]} {[%emt 00:04:54]} 16. Nc3 {[%clk 00:39:33]}
{[%emt 00:02:15]} Re8 {[%clk 00:24:29]} {[%emt 00:06:35]} 17. Qc4+ {[%clk
00:35:54]} {[%emt 00:04:09]} Kh8 {[%clk 00:23:23]} {[%emt 00:01:36]} 18. d5
{[%clk 00:34:13]} {[%emt 00:02:11]} Na5 {[%clk 00:19:40]} {[%emt 00:04:13]} 19.
Qa4 {[%clk 00:31:10]} {[%emt 00:03:34]} Bxf3 {[%clk 00:17:33]} {[%emt
00:02:37]} 20. Bxe8 {[%clk 00:28:40]} {[%emt 00:02:59]} Qxe8 {[%clk 00:17:17]}
{[%emt 00:00:47]} 21. Qxe8+ {[%clk 00:28:16]} {[%emt 00:00:53]} Rxe8 {[%clk
00:17:38]} {[%emt 00:00:10]} 22. Rxf3 {[%clk 00:28:24]} {[%emt 00:00:21]} Nc4
{[%clk 00:17:50]} {[%emt 00:00:19]} 23. b3 {[%clk 00:27:00]} {[%emt 00:01:54]}
Ne5 {[%clk 00:17:24]} {[%emt 00:00:56]} 24. Rff1 {[%clk 00:23:42]} {[%emt
00:03:47]} Nd3 {[%clk 00:17:08]} {[%emt 00:00:46]} 25. Rad1 {[%clk 00:19:07]}
{[%emt 00:05:04]} Rxe3 {[%clk 00:16:10]} {[%emt 00:01:30]} 26. Rf3 {[%clk
00:18:42]} {[%emt 00:00:53]} Re1+ {[%clk 00:15:38]} {[%emt 00:01:03]} 27. Rxe1
{[%clk 00:18:57]} {[%emt 00:00:15]} Nxe1 {[%clk 00:16:05]} {[%emt 00:00:04]}
28. Re3 {[%clk 00:19:09]} {[%emt 00:00:16]} 1-0